006790000a22001810004500008004100000041000800041080001500049100002600064245008500090260005600175300003400231502005600265650002800321650003600349942000700385952009000392999001500482230817t ||||| |||| 00| 0 eng d aeng a331.4bSAM aSamarasuriya, Shireen aOppression and exploitation of women workers in the tea plantations of Sri Lanka aThe hague:bInstitute of development studies,c1981 a198 p.bBibliography included gInstitute of Social studies, The Hague, Netherlands aWOMEN WORKERS-Sri Lanka aTea plantations-Women-Sri Lanka cTH 00104070aMAINbMAINd2023-08-17l0o331.4 SAMpRAF3657r2023-08-17w2023-08-17yTH c2580d2580